[Event "Høstturnering 2000"]
[Site "Ski, Akershus NOR"]
[Date "2000.11.16"]
[Round "7"]
[White "Næssvold, Kjell"]
[Black "Furnes, Torstein"]
[Result "1/2-1/2"]
[WhiteElo "1881"]
[BlackElo "1448"]
[PlyCount "131"]
[EventDate "2000.09.07"]

1. e4 c5 2. Nf3 Nc6 3. d4 cxd4 4. Nxd4 e5 5. Nb5 d6 6. c4 Nf6 7. N1c3 a6 8. Na3
Be7 9. Nc2 O-O 10. Bd3 Be6 11. O-O Rc8 12. b3 Ne8 13. Ne3 Nd4 14. Ne2 Qb6 15.
Nxd4 Qxd4 16. Nc2 Qb6 17. Be3 Qd8 18. f4 exf4 19. Bxf4 Bg5 20. Ne3 Bxf4 21.
Rxf4 Qg5 22. Rf3 Nf6 23. Kh1 Ng4 24. Nxg4 Qxg4 25. Qf1 Rc5 26. Qf2 h5 27. Rf1
Qg5 28. a4 h4 29. Rf4 h3 30. gxh3 Bxh3 31. Rg1 Qe5 32. Rh4 Be6 33. Qg2 g6 34.
Qd2 Qg7 35. Bc2 Rd8 36. Rf4 Kf8 37. Rgf1 Ke8 38. R4f3 Rc7 39. Rd3 Rcd7 40. Qf4
b6 41. Rfd1 Qe5 42. Qh4 g5 43. Qe1 Ke7 44. Rg3 Rh8 45. Qe3 g4 46. Rf1 Rdd8 47.
Qf4 Rh7 48. Bd1 Rdh8 49. Qxe5 Rxh2+ 50. Kg1 dxe5 51. Rg2 Rh1+ 52. Kf2 Rxf1+ 53.
Kxf1 Rh1+ 54. Rg1 Rxg1+ 55. Kxg1 Kf6 56. Kf2 Kg5 57. Kg3 f5 58. exf5 Bxf5 59.
b4 Be6 60. Be2 Bd7 61. a5 bxa5 62. bxa5 Be6 63. c5 Bc8 64. c6 Kf6 65. c7 Ke7
66. Bxg4 1/2-1/2

[Event "Høstturnering 2000"]
[Site "Ski, Akershus NOR"]
[Date "2000.11.16"]
[Round "7"]
[White "Lea, Per"]
[Black "Olsen, Trygve"]
[Result "1-0"]
[WhiteElo "1684"]
[BlackElo "1273"]
[PlyCount "33"]
[EventDate "2000.09.07"]

1. e4 c5 2. Nf3 Nc6 3. d4 cxd4 4. Nxd4 Nxd4 5. Qxd4 e6 6. Nc3 a6 7. Be2 Ne7 8.
Bg5 Nc6 9. Qd2 Qc7 10. O-O Bd6 11. f4 h6 12. Bh4 g5 13. fxg5 Bxh2+ 14. Kh1 hxg5
15. Qxg5 Bg3 16. Bh5 Bxh4 17. Bxf7+ 1-0

[Event "Høstturnering 2000"]
[Site "Ski, Akershus NOR"]
[Date "2000.11.23"]
[Round "8"]
[White "Næssvold, Kjell"]
[Black "Lea, Per"]
[Result "1-0"]
[WhiteElo "1881"]
[BlackElo "1684"]
[PlyCount "75"]
[EventDate "2000.09.07"]

1. e4 e5 2. Nf3 Nc6 3. d4 exd4 4. Nxd4 Bc5 5. Be3 Qf6 6. c3 Nge7 7. Be2 d5 8.
O-O dxe4 9. Qa4 Bxd4 10. cxd4 Qg6 11. Kh1 O-O 12. Nc3 Be6 13. Bf4 a6 14. Rad1
Rfc8 15. a3 Nd5 16. Bg3 f5 17. Nxd5 Bxd5 18. Bc4 Qe6 19. Bxd5 Qxd5 20. f3 b5
21. Qc2 exf3 22. Rxf3 Nxd4 23. Qd2 c5 24. b4 cxb4 25. Rd3 bxa3 26. Rxd4 Qc5 27.
Bd6 Qc3 28. Qa2+ Rc4 29. Bxa3 Re8 30. Rd8 Kf7 31. Rxe8 Kxe8 32. h3 b4 33. Bc1
Rc6 34. Qe2+ Kf7 35. Bb2 Qc2 36. Rd7+ Kg6 37. Rxg7+ Kh6 38. Qe3+ 1-0

[Event "Høstturnering 2000"]
[Site "Ski"]
[Date "2000.11.23"]
[Round "8"]
[White "Furnes, Torstein"]
[Black "Moberg, Jan Rune"]
[Result "1-0"]
[WhiteElo "1448"]
[BlackElo "1488"]
[PlyCount "50"]
[EventDate "2000.09.07"]

1. d4 b6 2. c4 Bb7 3. Nc3 f5 4. Nf3 Nf6 5. Bf4 e6 6. e3 Be7 7. Be2 c6 8. O-O
Na6 9. Re1 Nc7 10. Qc2 d5 11. Ne5 Rc8 12. Qa4 Na6 13. cxd5 b5 14. Nxb5 Nxd5 15.
Nxa7 Nb6 16. Qc2 Nb4 17. Qc1 Ra8 18. Naxc6 Qd5 19. Bf3 Qb5 20. Nxe7 Bxf3 21.
gxf3 Kxe7 22. Qc7+ Ke8 23. Qf7+ Kd8 24. Bg5+ Kc8 25. Rac1+ Nc6 1-0

[Event "Høstturnering 2000"]
[Site "Ski, Akershus NOR"]
[Date "2000.12.07"]
[Round "9"]
[White "Høva, Frode"]
[Black "Lea, Per"]
[Result "0-1"]
[WhiteElo "1418"]
[BlackElo "1684"]
[PlyCount "70"]
[EventDate "2000.09.07"]

1. d4 Nf6 2. c4 g6 3. Nc3 Bg7 4. e4 d6 5. Be2 O-O 6. Nf3 Nbd7 7. O-O e5 8. d5
Nc5 9. Nd2 a5 10. f3 Nh5 11. Nb3 b6 12. Nxc5 bxc5 13. Bd2 Nf4 14. Nb5 f5 15.
Rb1 Bd7 16. a3 Bh6 17. Bxf4 Bxf4 18. g3 Be3+ 19. Kh1 f4 20. g4 h5 21. b3 hxg4
22. fxg4 Kg7 23. Bf3 Rh8 24. Rb2 Rh4 25. Rg2 Bxb5 26. cxb5 Qd7 27. a4 Rah8 28.
Qe2 Rh3 29. Rb1 Bd4 30. Rc1 Rg3 31. Rc2 Qe7 32. Qf1 Qh4 33. Rce2 Qh3 34. Rgf2
Bxf2 35. Rxf2 Rxf3 0-1

[Event "Høstturnering 2000"]
[Site "Ski, Akershus NOR"]
[Date "2000.12.07"]
[Round "9"]
[White "Bekkelien, Glenn Lewi"]
[Black "Furnes, Torstein"]
[Result "1/2-1/2"]
[WhiteElo "1620"]
[BlackElo "1448"]
[PlyCount "88"]
[EventDate "2000.09.07"]

1. Nf3 d5 2. g3 Nf6 3. Bg2 e6 4. O-O Be7 5. d3 O-O 6. Nbd2 c5 7. e4 dxe4 8.
dxe4 Nc6 9. Qe2 Qc7 10. Nc4 e5 11. Bg5 Bg4 12. c3 Rad8 13. Rad1 b5 14. Ne3 Bxf3
15. Bxf3 c4 16. Bxf6 Bxf6 17. Nd5 Qd6 18. h4 Ne7 19. Ne3 Qc5 20. Ng4 Qb6 21.
Rxd8 Rxd8 22. Rd1 Ng6 23. h5 Nf8 24. Rd2 Rxd2 25. Qxd2 Ne6 26. Nxf6+ gxf6 27.
Qd7 Ng5 28. Bg2 Kg7 29. Qf5 Qd6 30. Kh2 Qd2 31. g4 Ne6 32. a3 Qxb2 33. h6+ Kg8
34. Qxf6 Qxc3 35. f4 Qe3 36. f5 Qf4+ 37. Kh3 Qe3+ 38. Kh4 Qf2+ 39. Kh5 Qxg2 40.
fxe6 Qh3+ 41. Kg5 Qe3+ 42. Kh4 Qe1+ 43. Kh5 Qh1+ 44. Kg5 Qc1+ 1/2-1/2

[Event "Klubbmesterskap 2000"]
[Site "Ås, Akershus NOR"]
[Date "2000.01.25"]
[Round "1"]
[White "Warendorph, Hakon"]
[Black "Furnes, Torstein"]
[Result "0-1"]
[WhiteElo "1446"]
[BlackElo "1437"]
[PlyCount "82"]
[EventDate "2000.01.25"]

1. d4 d5 2. c4 e6 3. Nc3 Nf6 4. e3 Bb4 5. Bd2 O-O 6. a3 Be7 7. Nf3 c5 8. Be2
dxc4 9. Bxc4 Nc6 10. dxc5 Bxc5 11. b4 Bd6 12. h3 a6 13. Qc2 Qc7 14. Ne4 Nxe4
15. Qxe4 b5 16. Be2 Bb7 17. Rc1 Qd7 18. Bc3 Nxb4 19. Qg4 f5 20. Qh4 Na2 21. Rc2
Nxc3 22. Rxc3 Rac8 23. Qd4 Rxc3 24. Qxc3 Rc8 25. Qb2 Qe7 26. O-O Bxa3 27. Qa2
Rc1 28. Nd4 Rxf1+ 29. Bxf1 Bd5 30. Qc2 Qc5 31. Qd1 Qc1 32. Qh5 g6 33. Qg5 Qc7
34. Qf6 Qe7 35. Qxe7 Bxe7 36. f3 Bc5 37. Kf2 Bxd4 38. exd4 Kf7 39. Ke3 Ke7 40.
Kd2 Kd6 41. Kc3 Kc6 0-1

[Event "Klubbmesterskap 2000"]
[Site "Holstad, Ås, Akershus NOR"]
[Date "2000.01.25"]
[Round "1"]
[White "Skår, Bjarte"]
[Black "Lea, Per"]
[Result "1/2-1/2"]
[WhiteElo "1691"]
[BlackElo "1686"]
[PlyCount "63"]
[EventDate "2000.01.25"]

1. e4 e5 2. Nf3 Nc6 3. Bb5 a6 4. Ba4 Nf6 5. O-O Be7 6. Re1 b5 7. Bb3 O-O 8. c3
d5 9. d3 dxe4 10. dxe4 Qxd1 11. Bxd1 Rd8 12. Bg5 Nxe4 13. Bxe7 Nxe7 14. Nxe5
Bb7 15. f3 Nc5 16. b4 Ne6 17. Bb3 Nd5 18. a3 c5 19. c4 Nd4 20. Nd2 bxc4 21.
Nexc4 Nxb3 22. Nxb3 cxb4 23. axb4 Nxb4 24. Nc5 Bc6 25. Reb1 Nd5 26. Nxa6 Nc3
27. Rb6 Bb5 28. Nd6 Bxa6 29. Rbxa6 Rxa6 30. Rxa6 Ne2+ 31. Kf2 Nf4 32. Kg3
1/2-1/2

[Event "Klubbmesterskap 2000"]
[Site "Holstad, Ås, Akershus NOR"]
[Date "2000.02.01"]
[Round "2"]
[White "Lea, Per"]
[Black "Næssvold, Kjell"]
[Result "0-1"]
[WhiteElo "1686"]
[BlackElo "1830"]
[PlyCount "66"]
[EventDate "2000.01.25"]

1. e4 c6 2. d4 d5 3. Nc3 dxe4 4. Nxe4 Nd7 5. Bc4 Ngf6 6. Qe2 Nxe4 7. Qxe4 Nf6
8. Qh4 Bf5 9. c3 e6 10. Bg5 Be7 11. Nf3 h6 12. Ne5 O-O 13. Bxf6 Bxf6 14. Qf4
Qe7 15. h4 Bxe5 16. Qxe5 b5 17. Be2 b4 18. g4 Bg6 19. h5 Bh7 20. c4 f6 21. Qe3
a5 22. Rd1 Rae8 23. Bf3 Qc7 24. O-O e5 25. d5 e4 26. d6 Qd7 27. Be2 f5 28. Qf4
fxg4 29. Bxg4 Bf5 30. Bxf5 Rxf5 31. Qh4 Rg5+ 32. Kh2 Ree5 33. Rg1 Rxh5 0-1

[Event "Klubbmesterskap 2000"]
[Site "Ås, Akershus NOR"]
[Date "2000.02.01"]
[Round "2"]
[White "Furnes, Torstein"]
[Black "Lystad, Frank"]
[Result "1/2-1/2"]
[WhiteElo "1437"]
[BlackElo "1447"]
[PlyCount "60"]
[EventDate "2000.01.25"]

1. d4 d5 2. c4 e6 3. Nc3 Nf6 4. Bg5 Be7 5. e3 Nbd7 6. Nf3 O-O 7. cxd5 Nxd5 8.
Bxe7 Qxe7 9. e4 N5f6 10. Bd3 c6 11. O-O Rd8 12. Qc2 e5 13. dxe5 Nxe5 14. Nxe5
Qxe5 15. Kh1 Nh5 16. Rad1 Nf4 17. g3 Nxd3 18. Rxd3 Bg4 19. f3 Rxd3 20. Qxd3 Be6
21. Rd1 Qc7 22. f4 f6 23. a3 Re8 24. b4 a6 25. Na4 a5 26. Nc5 axb4 27. Nxe6
Rxe6 28. axb4 Qe7 29. Qd8+ Qxd8 30. Rxd8+ Kf7 1/2-1/2

[Event "Klubbmesterskap 2000"]
[Site "Holstad, Ås, Akershus NOR"]
[Date "2000.02.08"]
[Round "3"]
[White "Spillum, Jahn"]
[Black "Lea, Per"]
[Result "1-0"]
[WhiteElo "1728"]
[BlackElo "1686"]
[PlyCount "81"]
[EventDate "2000.01.25"]

1. e4 e5 2. Nf3 Nc6 3. Bb5 a6 4. Ba4 Nf6 5. Qe2 Be7 6. c3 b5 7. Bc2 d6 8. h3
Bb7 9. d3 Qd7 10. Nbd2 O-O 11. Nf1 Rfe8 12. Ng3 Bf8 13. Nf5 g6 14. Nh6+ Kg7 15.
g4 Ng8 16. Qe3 Nxh6 17. Qxh6+ Kg8 18. Qh4 d5 19. g5 b4 20. Bd2 bxc3 21. bxc3 d4
22. Rb1 Rab8 23. c4 Ba8 24. O-O Nb4 25. Bxb4 Rxb4 26. Rxb4 Bxb4 27. Nh2 Be7 28.
Ng4 h5 29. Nxe5 Qd8 30. f4 Bxg5 31. Qg3 Bh4 32. Qg2 Kg7 33. Nf3 Bf6 34. Qg3 Bc6
35. Bd1 Kh6 36. h4 Qd7 37. Kh2 Qg4 38. Qxg4 hxg4 39. Ng5 Bxg5 40. hxg5+ Kh5 41.
Kg3 1-0

[Event "Klubbmesterskap 2000"]
[Site "Ås, Akershus NOR"]
[Date "2000.02.08"]
[Round "3"]
[White "Olsen, Trygve"]
[Black "Furnes, Torstein"]
[Result "0-1"]
[WhiteElo "1279"]
[BlackElo "1437"]
[PlyCount "100"]
[EventDate "2000.01.25"]

1. f4 d5 2. Nf3 Nf6 3. e3 e6 4. b3 c5 5. Bb2 Be7 6. Bb5+ Bd7 7. Bxd7+ Nbxd7 8.
O-O O-O 9. c4 Qb6 10. Qc2 Rac8 11. a4 Rfd8 12. Ng5 h6 13. Nh3 d4 14. exd4 cxd4
15. d3 a5 16. Nf2 Nd5 17. Nd1 Nb4 18. Qe2 Nc5 19. Na3 Nxb3 20. Rb1 Nc5 21. Nf2
Nxa4 22. Ba1 Qc7 23. Nd1 Bf6 24. Nb5 Qd7 25. Kh1 Nc5 26. Nf2 Re8 27. Ng4 Ncxd3
28. Nxf6+ gxf6 29. Qg4+ Kh7 30. Nxd4 Rxc4 31. Ne2 Rg8 32. Qh4 Qd5 33. Rg1 Qf5
34. Rbf1 Rg4 35. Qxf6 Qxf6 36. Bxf6 Nxf4 37. Nxf4 Rgxf4 38. Bd8 a4 39. Rxf4
Rxf4 40. Bc7 Rc4 41. Bd6 a3 42. h3 a2 43. Kh2 Nc2 44. Be5 Ra4 45. Rf1 Kg8 46.
Rd1 a1=Q 47. Rd8+ Kh7 48. Rh8+ Kg6 49. Rg8+ Kf5 50. Bg7 Qc1 0-1

[Event "Klubbmesterskap 2000"]
[Site "Holstad, Ås, Akershus NOR"]
[Date "2000.03.21"]
[Round "4"]
[White "Lea, Per"]
[Black "Solem, Trond"]
[Result "1-0"]
[WhiteElo "1686"]
[BlackElo "2035"]
[PlyCount "113"]
[EventDate "2000.01.25"]

1. e4 g6 2. d4 b6 3. c4 Bb7 4. Nc3 Bg7 5. Nf3 d6 6. Bd3 e6 7. O-O Nd7 8. b3 Ne7
9. Bb2 a6 10. Re1 h6 11. Qd2 O-O 12. d5 Qe8 13. Ne2 e5 14. b4 f5 15. Rac1 Nf6
16. Ng3 Bc8 17. c5 bxc5 18. bxc5 Qa4 19. Bc4 Rb8 20. cxd6 cxd6 21. Bxe5 dxe5
22. d6+ Kh7 23. dxe7 Re8 24. exf5 gxf5 25. Qd6 Qb4 26. Qxb4 Rxb4 27. Bf7 Rxe7
28. Rxc8 Rxf7 29. Nxe5 Re7 30. Nd3 Rxe1+ 31. Nxe1 Kg6 32. Rc6 f4 33. Ne2 a5 34.
Nd3 Rb1+ 35. Rc1 Rxc1+ 36. Ndxc1 Nd5 37. a4 Kf5 38. Nb3 Ke4 39. Nxa5 Kd3 40.
Kf1 Be5 41. Nc6 Bd6 42. a5 Nc7 43. Ned4 Bc5 44. Nf5 Bf8 45. Ne5+ Ke4 46. Ng6
Bb4 47. Nxh6 Bxa5 48. f3+ Ke3 49. Ng4+ Kd2 50. Nxf4 Bb6 51. h4 Ne8 52. h5 Ng7
53. h6 Nf5 54. Nh5 Bd4 55. h7 Ne3+ 56. Nxe3 Kxe3 57. f4 1-0

[Event "Klubbmesterskap 2000"]
[Site "Ås, Akershus NOR"]
[Date "2000.02.29"]
[Round "4"]
[White "Furnes, Torstein"]
[Black "Simonsen, Steinar"]
[Result "0-1"]
[WhiteElo "1437"]
[BlackElo "1543"]
[PlyCount "145"]
[EventDate "2000.01.25"]

1. d4 Nf6 2. c4 g6 3. Nc3 Bg7 4. e4 d6 5. f4 O-O 6. Nf3 c5 7. d5 e6 8. Bd3 exd5
9. cxd5 Re8 10. O-O Qb6 11. Na4 Qc7 12. Re1 Bd7 13. Qc2 b5 14. Nc3 Qb6 15. Kh1
c4 16. Bf1 b4 17. Nd1 Rc8 18. Be3 Qa5 19. Bxc4 Bb5 20. Nd2 b3 21. Qc3 Qxc3 22.
Nxc3 Bxc4 23. axb3 Bd3 24. Rxa7 Rxa7 25. Bxa7 Nbd7 26. e5 Ne8 27. e6 fxe6 28.
dxe6 Nc5 29. b4 Nb7 30. Nd5 Ra8 31. Bb6 Bxb2 32. Nf3 Bc4 33. Nc7 Nxc7 34. Bxc7
Re8 35. Ng5 h6 36. Nf7 Rxe6 37. Rxe6 Bxe6 38. Nxd6 Nxd6 39. Bxd6 Bc4 40. g3 Kf7
41. Kg2 Ke6 42. Bc5 Kf5 43. h3 h5 44. Kf2 Ke4 45. Be3 Bc3 46. Bc5 h4 47. gxh4
Kxf4 48. Bd6+ Kf5 49. Be7 Bd4+ 50. Kf3 Bd5+ 51. Kg3 Be5+ 52. Kf2 Kf4 53. Bg5+
Ke4 54. Be7 Kd3 55. Bc5 Kc4 56. Be7 Bc3 57. Kg3 Be6 58. Kg2 Kd3 59. Kg3 Be5+
60. Kg2 Ke2 61. b5 Bd5+ 62. Kg1 Kf3 63. Bc5 Kg3 64. Bf2+ Kxh3 65. b6 Bg2 66.
Be3 Bh2+ 67. Kf2 Bg3+ 68. Ke2 Kxh4 69. Kd3 Kg4 70. Kc4 Bb7 71. Kb5 Bf4 72. Bd4
Kf3 73. Bf6 0-1

[Event "Klubbmesterskap 2000"]
[Site "Holstad, Ås, Akershus NOR"]
[Date "2000.04.11"]
[Round "5"]
[White "Andersen, Odd"]
[Black "Lea, Per"]
[Result "1-0"]
[WhiteElo "1703"]
[BlackElo "1686"]
[PlyCount "39"]
[EventDate "2000.01.25"]

1. e4 e5 2. Nf3 Nc6 3. Bc4 Nf6 4. Ng5 d5 5. exd5 Na5 6. Bb5+ c6 7. dxc6 bxc6 8.
Be2 h6 9. Nf3 e4 10. Ne5 Qd4 11. f4 Bc5 12. Rf1 Qd8 13. c3 Nd5 14. d4 Qh4+ 15.
g3 Qxh2 16. dxc5 Qxg3+ 17. Kd2 Bf5 18. Qe1 Qe3+ 19. Kd1 Rd8 20. Bxe3 1-0

[Event "Klubbmesterskap 2000"]
[Site "Ås, Akershus NOR"]
[Date "2000.03.07"]
[Round "5"]
[White "Moberg, Jan Rune"]
[Black "Furnes, Torstein"]
[Result "0-1"]
[WhiteElo "1523"]
[BlackElo "1437"]
[PlyCount "66"]
[EventDate "2000.01.25"]

1. Nf3 d5 2. d3 Nf6 3. g3 c5 4. Bg2 e6 5. c3 Nc6 6. O-O Bd6 7. Nbd2 O-O 8. e3
e5 9. e4 d4 10. cxd4 cxd4 11. a3 Bg4 12. h3 Be6 13. Re1 h6 14. Nf1 Qd7 15. Kh2
Rac8 16. Bd2 Nh7 17. g4 Rc7 18. Ng3 Rfc8 19. Nh4 Ne7 20. Nhf5 Rc2 21. b4 Nxf5
22. Nxf5 Bxf5 23. exf5 e4+ 24. Kh1 exd3 25. Be4 Qb5 26. Bxh6 gxh6 27. Bxd3 Qd5+
28. Kg1 Bh2+ 29. Kxh2 Rxf2+ 30. Kg3 Qg2+ 31. Kh4 Rf3 32. Rh1 Qg3+ 33. Kh5 Qxh3+
0-1

[Event "Klubbmesterskap 2000"]
[Site "Holstad, Ås, Akershus NOR"]
[Date "2000.03.14"]
[Round "6"]
[White "Lea, Per"]
[Black "Moberg, Reidar"]
[Result "0-1"]
[WhiteElo "1686"]
[BlackElo "1615"]
[PlyCount "110"]
[EventDate "2000.01.25"]

1. e4 c5 2. Nf3 e6 3. d4 cxd4 4. Nxd4 Nc6 5. Nc3 a6 6. Be2 Nf6 7. Bg5 Be7 8. f4
d6 9. Qd2 Qc7 10. O-O-O O-O 11. g4 Nxd4 12. Qxd4 b5 13. Bxf6 gxf6 14. h4 Qc5
15. Qd2 Bb7 16. Bf3 f5 17. gxf5 exf5 18. Qg2+ Kh8 19. Nd5 Bxd5 20. Rxd5 Qe3+
21. Kb1 Rg8 22. Qe2 Qxe2 23. Bxe2 fxe4 24. Rf5 Rg7 25. Kc1 Rc8 26. Bd1 Rc5 27.
Rxc5 dxc5 28. h5 f5 29. h6 Rg2 30. c4 Bd6 31. Rh5 Bxf4+ 32. Kb1 e3 33. Rxf5
Bxh6 34. Re5 Rd2 35. Bf3 Kg7 36. Bg4 Kf6 37. Rf5+ Kg6 38. Re5 Bg7 39. Rxe3
Rxb2+ 40. Kc1 Rxa2 41. cxb5 Bh6 42. Kb1 Bxe3 43. Kxa2 axb5 44. Be2 b4 45. Bd3+
Kg7 46. Kb2 h5 47. Kc2 Kf6 48. Kd1 Ke5 49. Ke2 Kd4 50. Bc2 h4 51. Bf5 c4 52.
Kd1 c3 53. Kc2 Bf4 54. Be6 Ke3 55. Bd5 h3 0-1

[Event "Klubbmesterskap 2000"]
[Site "Ås, Akershus NOR"]
[Date "2000.03.14"]
[Round "6"]
[White "Bakken, Svein-Erik"]
[Black "Furnes, Torstein"]
[Result "0-1"]
[WhiteElo "1346"]
[BlackElo "1437"]
[PlyCount "76"]
[EventDate "2000.01.25"]

1. d4 d5 2. c4 e6 3. Nc3 Nf6 4. Bg5 Be7 5. e3 O-O 6. Bd3 dxc4 7. Bxc4 Nbd7 8.
Nf3 b6 9. O-O Bb7 10. Rc1 c5 11. Re1 a6 12. e4 b5 13. Bf1 b4 14. e5 Nd5 15.
Bxe7 Qxe7 16. Ne4 cxd4 17. Qxd4 N7b6 18. Nd6 Nc8 19. Nxb7 Qxb7 20. Qe4 Nce7 21.
Ng5 Ng6 22. h4 h6 23. Nxe6 fxe6 24. Qxg6 Qb6 25. Rc2 Nf4 26. Qe4 Rad8 27. Rc6
Qa7 28. Rxa6 Nh3+ 29. gxh3 Qxf2+ 30. Kh1 Rd2 31. Bg2 Rxb2 32. Ra8 Rxa2 33.
Rxf8+ Qxf8 34. Rf1 Qc5 35. Qf3 Qxe5 36. Qf7+ Kh7 37. Rg1 b3 38. Be4+ Qxe4+ 0-1

[Event "Klubbmesterskap 2000"]
[Site "Ås, Akershus NOR"]
[Date "2000.03.28"]
[Round "7"]
[White "Furnes, Torstein"]
[Black "Høva, Frode"]
[Result "1/2-1/2"]
[WhiteElo "1437"]
[BlackElo "1398"]
[PlyCount "38"]
[EventDate "2000.01.25"]

1. d4 Nf6 2. c4 g6 3. Nc3 d5 4. cxd5 Nxd5 5. e4 Nxc3 6. bxc3 Bg7 7. Nf3 c5 8.
Bb5+ Nc6 9. O-O O-O 10. Bxc6 bxc6 11. Qa4 cxd4 12. cxd4 c5 13. Rd1 cxd4 14.
Nxd4 Qc7 15. Be3 Bd7 16. Qb4 e5 17. Rac1 Qb6 18. Qxb6 axb6 19. Nc6 Bxc6 1/2-1/2

[Event "Klubbmesterskap 2000"]
[Site "Holstad, Ås, Akershus NOR"]
[Date "2000.03.28"]
[Round "7"]
[White "Bekkelien, Glenn Lewi"]
[Black "Lea, Per"]
[Result "1-0"]
[WhiteElo "1632"]
[BlackElo "1686"]
[PlyCount "103"]
[EventDate "2000.01.25"]

1. Nf3 Nf6 2. g3 b5 3. Bg2 Bb7 4. O-O c5 5. d3 d5 6. Nbd2 Nc6 7. e4 dxe4 8.
Nxe4 Nxe4 9. dxe4 Qc7 10. Qe2 a6 11. Be3 e5 12. c3 Bd6 13. Rfd1 O-O 14. Nh4 Ne7
15. Qg4 Bc8 16. Nf5 Nxf5 17. exf5 Rb8 18. Bh6 f6 19. Rxd6 Bxf5 20. Qxf5 Qxd6
21. Qg4 Qe7 22. Rd1 Rbd8 23. Rd5 Kh8 24. Be3 Rxd5 25. Bxd5 Qd6 26. c4 f5 27.
Qe2 f4 28. Bc1 bxc4 29. Bxc4 Rd8 30. b3 Qd1+ 31. Qf1 f3 32. b4 Qc2 33. Bb3 Qc3
34. bxc5 Qxc5 35. Be3 Qc6 36. h4 a5 37. Qc4 Qxc4 38. Bxc4 Rd1+ 39. Kh2 g6 40.
Bb5 Rd5 41. Bc6 Rd1 42. Bxf3 Ra1 43. Bd5 Kg7 44. Kg2 Kf6 45. Bg5+ Kf5 46. f3 h5
47. Kf2 a4 48. Ke3 Rg1 49. Bc6 Ke6 50. Bxa4 Rxg3 51. Kf2 Rh3 52. Kg2 1-0

[Event "Klubbmesterskap 2000"]
[Site "Holstad, Ås, Akershus NOR"]
[Date "2000.04.19"]
[Round "8"]
[White "Weberg, Øivind"]
[Black "Lea, Per"]
[Result "1-0"]
[WhiteElo "1602"]
[BlackElo "1686"]
[PlyCount "83"]
[EventDate "2000.01.25"]

1. e4 e5 2. Nf3 Nc6 3. Bb5 a6 4. Ba4 Nf6 5. Qe2 b5 6. Bb3 Be7 7. c3 O-O 8. d3
Re8 9. Nbd2 d5 10. O-O Bc5 11. exd5 Nxd5 12. Ne4 Bb6 13. Bg5 Qd7 14. Rfd1 Na5
15. Bc2 h6 16. Bc1 c5 17. b4 cxb4 18. cxb4 Nxb4 19. Bxh6 Nxc2 20. Qxc2 f5 21.
Nxe5 Rxe5 22. Bf4 Rd5 23. Ng5 Bd4 24. Rac1 Rc5 25. Qe2 Rxc1 26. Rxc1 Bf6 27.
Rc7 Qd8 28. h4 Bd7 29. Qh5 Bxg5 30. hxg5 Rc8 31. g6 Qf6 32. Qh7+ Kf8 33. Rxc8+
Bxc8 34. Qh8+ Ke7 35. Qxc8 Qa1+ 36. Kh2 Qxa2 37. Qxa6 Qxf2 38. Qd6+ Ke8 39.
Qe6+ Kd8 40. Qg8+ Kd7 41. Qxg7+ Kc6 42. Qc7+ 1-0

[Event "Høstturnering 1999"]
[Site "Holstad, Ås, Akershus NOR"]
[Date "1999.09.07"]
[Round "1"]
[White "Johnsen, Ståle"]
[Black "Lea, Per"]
[Result "0-1"]
[WhiteElo "1421"]
[BlackElo "1697"]
[PlyCount "60"]
[EventDate "1999.09.07"]

1. e4 e5 2. Nf3 Nc6 3. d4 exd4 4. Bc4 Nf6 5. O-O Nxe4 6. Re1 d5 7. Bxd5 Qxd5 8.
Nc3 Qa5 9. Nxe4 Be7 10. Bg5 Bg4 11. Bxe7 Nxe7 12. Qxd4 Bxf3 13. gxf3 Kf8 14.
Rad1 Nc6 15. Qe3 Re8 16. Qf4 g5 17. Qf6 Rg8 18. Nc3 Rxe1+ 19. Rxe1 g4 20. Qh6+
Rg7 21. fxg4 Ne5 22. Re3 Nxg4 23. Re8+ Kxe8 24. Qxg7 Qf5 25. Qh8+ Ke7 26. Qd4
c6 27. Ne4 Qe6 28. Qb4+ Ke8 29. Nd6+ Kd7 30. Nxf7 Nxf2 {Tid} 0-1

[Event "Høstturnering 1999"]
[Site "Ås, Akershus NOR"]
[Date "1999.09.07"]
[Round "1"]
[White "Furnes, Torstein"]
[Black "Sørgjerd, Jan"]
[Result "1-0"]
[WhiteElo "1488"]
[BlackElo "1999"]
[PlyCount "87"]
[EventDate "1999.09.07"]

1. d4 d5 2. c4 e6 3. Nc3 c5 4. e3 Nf6 5. dxc5 Bxc5 6. Nf3 O-O 7. cxd5 exd5 8.
Be2 Nc6 9. O-O Re8 10. Qb3 Bf5 11. Qxb7 Nb4 12. Qb5 Qc7 13. Qa4 Bc2 14. b3 a6
15. a3 Nc6 16. Ra2 Be4 17. b4 Bd6 18. Nxe4 dxe4 19. Rc2 exf3 20. Bxf3 Bxh2+ 21.
Kh1 Ne4 22. Rxc6 Qd7 23. Kxh2 Re6 24. Bxe4 Rxe4 25. Qc2 Rh4+ 26. Kg1 Rg4 27.
Rd1 Qb7 28. f3 Rg5 29. Rc7 Qb8 30. Rdd7 f6 31. Bb2 Qf8 32. Bxf6 Qxf6 33. Rc8+
Qf8 34. Rxf8+ Rxf8 35. Qc4+ Kh8 36. f4 Rg4 37. Qxa6 h5 38. Qd6 Rf6 39. Rd8+ Kh7
40. Qd3+ Rfg6 41. Qe4 h4 42. Rd6 Rxg2+ 43. Qxg2 Rxd6 44. b5 1-0

[Event "Høstturnering 1999"]
[Site "Ås, Akershus NOR"]
[Date "1999.09.14"]
[Round "2"]
[White "Moberg, Reidar"]
[Black "Furnes, Torstein"]
[Result "1/2-1/2"]
[WhiteElo "1620"]
[BlackElo "1488"]
[PlyCount "84"]
[EventDate "1999.09.07"]

1. e4 c5 2. Nf3 Nc6 3. d4 cxd4 4. Nxd4 d6 5. Be2 Nf6 6. Nc3 e5 7. Nb3 Be7 8.
O-O O-O 9. f4 Qb6+ 10. Kh1 Rd8 11. g4 Be6 12. g5 Ne8 13. f5 Bxb3 14. axb3 Nb4
15. Bc4 d5 16. Nxd5 Nxd5 17. Bxd5 Nd6 18. g6 Nxe4 19. Bxf7+ Kh8 20. Qh5 Nf6 21.
Qf3 e4 22. Qh3 Qc6 23. Qg2 Bc5 24. Bg5 Rf8 25. Bxf6 Qxf6 26. Qxe4 Qxb2 27. Rae1
h6 28. Re2 b6 29. Rfe1 Rad8 30. Qg2 Qf6 31. Qf3 a5 32. Re8 Rdxe8 33. Rxe8 Rxe8
34. Bxe8 Qa1+ 35. Kg2 Qg1+ 36. Kh3 Bd6 37. Qe2 Qg5 38. Bd7 Qf6 39. Qe8+ Bf8 40.
Qf7 Qc3+ 41. Kg4 Qd4+ 42. Kf3 Qc3+ 1/2-1/2

[Event "Høstturnering 1999"]
[Site "Holstad, Ås, Akershus NOR"]
[Date "1999.09.14"]
[Round "2"]
[White "Lea, Per"]
[Black "Weberg, Øivind"]
[Result "1/2-1/2"]
[WhiteElo "1697"]
[BlackElo "1618"]
[PlyCount "107"]
[EventDate "1999.09.07"]

1. e4 e6 2. d4 d5 3. Nc3 Nf6 4. Bg5 Be7 5. e5 Nfd7 6. h4 a6 7. Qh5 c5 8. Nf3
cxd4 9. Nxd4 Nb6 10. O-O-O Nc6 11. Nxc6 bxc6 12. Ne4 g6 13. Qf3 Bxg5+ 14. hxg5
Qe7 15. Nf6+ Kd8 16. Nxh7 Kc7 17. Be2 Bd7 18. Nf6 a5 19. Rh6 a4 20. a3 c5 21.
Rdh1 Rhf8 22. Qg3 c4 23. c3 Bc6 24. Bf3 Nd7 25. Bxd5 Qc5 26. Bxc6 Qxc6 27. Nxd7
Kxd7 28. Rd1+ Kc7 29. Rd6 Qb5 30. Qf4 Rab8 31. Qd2 Qxe5 32. Rd7+ Kc6 33. Rh7
Rb5 34. Rhxf7 Rxf7 35. Rxf7 Rd5 36. Qe3 Qd6 37. Kc2 Re5 38. Qf3+ Kc5 39. Ra7
Qb6 40. Qb7 Qxb7 41. Rxb7 Re2+ 42. Kc1 Rxf2 43. Rg7 Rxg2 44. Rxg6 Kd5 45. Rg8
Ke4 46. g6 Kd3 47. Kb1 Rg1+ 48. Ka2 e5 49. g7 Kc2 50. Re8 Rxg7 51. Rxe5 Rb7 52.
Ka1 Rb3 53. Rh5 Rb7 54. Rh4 1/2-1/2

[Event "Høstturnering 1999"]
[Site "Ås, Akershus NOR"]
[Date "1999.09.21"]
[Round "3"]
[White "Olsen, Trygve"]
[Black "Furnes, Torstein"]
[Result "1/2-1/2"]
[WhiteElo "1339"]
[BlackElo "1488"]
[PlyCount "122"]
[EventDate "1999.09.07"]

1. f4 d5 2. e3 Nf6 3. Nf3 e6 4. b3 c5 5. Bb2 Nc6 6. Bb5 Bd7 7. O-O Be7 8. a3
O-O 9. Bd3 Rc8 10. c3 Qc7 11. Qe1 e5 12. fxe5 Nxe5 13. Bc2 Bd6 14. Qh4 Ng6 15.
Bxg6 fxg6 16. c4 dxc4 17. Qxc4+ Kh8 18. Qh4 Ng4 19. g3 Ne5 20. Ng5 Rxf1+ 21.
Kxf1 Rf8+ 22. Kg1 Nf3+ 23. Nxf3 Rxf3 24. Nc3 Bc6 25. Ne2 Rf8 26. d4 Qf7 27. Nf4
Bxf4 28. Qxf4 Qe7 29. Qe5 Qxe5 30. dxe5 Rf3 31. Re1 Kg8 32. b4 c4 33. Bd4 a6
34. e6 g5 35. e7 Kf7 36. Bc5 g4 37. Rc1 b5 38. Rd1 Rf6 39. Rd8 Be8 40. e4 Re6
41. Rd4 Bc6 42. e5 Rxe5 43. Rxg4 c3 44. Rf4+ Ke8 45. Rf1 Re2 46. Rc1 c2 47. Kf1
Rxh2 48. Ke1 Kf7 49. Kf1 h5 50. Bf2 Rh1+ 51. Bg1 Kxe7 52. Rxc2 Kd6 53. Kf2 h4
54. Rd2+ Bd5 55. g4 Rh3 56. g5 Rxa3 57. Bh2+ Kc6 58. Rc2+ Bc4 59. Rb2 Ra2 60.
Be5 Rxb2+ 61. Bxb2 g6 1/2-1/2